| 000 | 01267nam a22002057a 4500 | ||
|---|---|---|---|
| 999 |
_c59553 _d59553 |
||
| 003 | Ge_BSU | ||
| 005 | 20230314113323.0 | ||
| 008 | 230314s2000 ge ||||| |||| 00| 0 geo d | ||
| 041 | _ageo | ||
| 080 | _a347(479.22)(075.8) ჭ-23 | ||
| 100 |
_aჭანტურია, ლადო _917201 |
||
| 245 |
_aშესავალი საქართველოს სამოქალაქო სამართლის ზოგად ნაწილში : _b(დამხმ. სახელმძღვ. იურიდ. ფაკ. სტუდ.) / _cლადო ჭანტურია ; [რედ. სერგო ჯორბენაძე]. |
||
| 264 |
_aთბილისი : _bსამართალი, _c2000. |
||
| 300 |
_a434 გვ. ; _b22 სმ. |
||
| 501 | _a უცხოენოვან გამოთქმათა ქართული ტრანსკრიპცია და თარგმანი: გვ. 422-432. | ||
| 504 | _a ბიბლიოგრ. ტექსტ. შენიშვნ. | ||
| 653 | _aსაქართველოს სამოქალაქო სამართალი | ||
| 700 |
_aჯორბენაძე, სერგო _eრედაქტორი _94014 |
||
| 942 |
_2udc _cBK |
||